Score 0/10 Timer 03:00
4 Plays Today
Question Answer Wrong Answers
Large muscles on the back of the upper arms;
three bundles of muscle joining together at the elbow
Triceps
98.5%
Triceratops
0.4%
Trifectas
0.2%
Trivials
0.2%
Three-pronged spear, traditionally used for fishing
and associated with Neptune or Poseidon
Trident
96.5%
Triumph
0.3%
Tripod
1.7%
Trivet
1.4%
In Christian dogma the unity of Father, Son, and Holy Spirit
as three persons in one Godhead
Trinity
96.1%
Triumph
0.2%
Triad
1.3%
Trilogy
2.2%
A group of three sequential works like
the 'Matrix' series or 'The Lord of the Rings'
Trilogy
95.8%
Trifecta
1.3%
Triumvirate
0.7%
Tributary
0.3%
Classic British dessert made with fruit,
sponge cake, sherry, and custard
Trifle
93.7%
Triton
0.7%
Trivet
4.4%
Trilogy
0.2%
Late Cretaceous dinosaur whose name comes from
the Greek for 'three-horned face'
Triceratops
93.6%
Triceps
1.3%
Triumvirate
0.3%
Trifectasaurus
3%
Branch of mathematics
that studies triangles
Trigonometry
92.4%
Triumviration
0.2%
Triangometry
4.7%
Triangology
1.5%
A stream feeding a
larger stream or lake
Tributary
88.9%
Triage
4.3%
Trivial
1.1%
Trinket
3.5%
A fossil group of
extinct marine invertebrates
Trilobites
85%
Triceratops
3%
Triplicates
5.2%
Triennes
4.7%
Dominant warship in the Mediterranean
during the 7th to 4th centuries BC
Trireme
55.4%
Triumvirate
20.8%
Trident
8.4%
Trivet
13.8%
Remove Ads.
Support Sporcle.
Get the best of Sporcle when you Go Orange. This ad-free experience offers more features, more stats, and more fun while also helping to support Sporcle. Thank you for becoming a member.

You're not logged in!

Compare scores with friends on all Sporcle quizzes.
OR
Log In

Show Comments

Extras

Top Quizzes Today


Score Distribution

Your Account Isn't Verified!

In order to create a playlist on Sporcle, you need to verify the email address you used during registration. Go to your Sporcle Settings to finish the process.

Report this User

Report this user for behavior that violates our Community Guidelines.

Details: